Score 0/16 Timer 04:00
0 Plays Today
Question Answer Wrong Answers
Flew Disk Shaped Flying Saucers Aliens
97.9%
Bigfoot
0.6%
Also Known as the Sasquatch or Yeti Bigfoot
97.9%
Aliens
0.6%
Inhabits Forests of the Pacific Northwest Bigfoot
97.8%
Aliens
0.7%
Reported Weight 500 to 1,000 Pounds Bigfoot
97.5%
Aliens
1%
Often Lacking Nose, Ears & Sex Organs Aliens
97%
Bigfoot
1.4%
First Evidence Presented as Proof was Footprints Bigfoot
96.9%
Aliens
1.6%
Allegedly Crashed at Roswell, New Mexico Aliens
96.9%
Bigfoot
1.5%
Allegedly Autopsied at Military Facility Area 51 Aliens
96.6%
Bigfoot
2%
Allegedly Responsible for Human Abductions Aliens
96.4%
Bigfoot
2.1%
Alleged Origin of the Crop Circle Phenomena Aliens
96.3%
Bigfoot
2.2%
Large Heads & Large Opaque Eyes Aliens
96%
Bigfoot
2.5%
Reported Height 7 to 10 Feet Tall Bigfoot
96%
Aliens
2.5%
Communicates Through Tree Knocks Bigfoot
95.3%
Aliens
3.2%
Dark Grey-Skinned Diminutive Humanoids Aliens
94.7%
Bigfoot
3.8%
Simian-Like Hairy Bipedal Humanoid Bigfoot
93.7%
Aliens
4.9%
Large Forehead and Pronounced Brow Bigfoot
83.7%
Aliens
14.9%
Remove Ads.
Support Sporcle.
Get the best of Sporcle when you Go Orange. This ad-free experience offers more features, more stats, and more fun while also helping to support Sporcle. Thank you for becoming a member.

You're not logged in!

Compare scores with friends on all Sporcle quizzes.
OR
Log In

Show Comments

Extras

Top Quizzes Today


Score Distribution

Your Account Isn't Verified!

In order to create a playlist on Sporcle, you need to verify the email address you used during registration. Go to your Sporcle Settings to finish the process.

Report this User

Report this user for behavior that violates our Community Guidelines.

Details: